000 00634nam a2200181Ia 4500
008 151018s9999 xx 000 0 und d
082 _bRBASDV35976
_a30
100 _aसुरेशचंद्र नाडकर्णी
245 _aक्रिडा ज्ञानकोश
250 _b2
260 _bक्ष
_c1999
300 _a846
600 _aसुरेशचंद्र नाडकर्णी
630 _aक्रिडा ज्ञानकोश
700 _aसुरेशचंद्र नाडकर्णी
730 _aक्रिडा ज्ञानकोश
942 _cBOOK
999 _c1035444
_d1035441